Post harvest technology of fruits and vegetables / (Record no. 4771)
[ view plain ]
| 000 -LEADER | |
|---|---|
| fixed length control field | 00466cam a2200181ua 4500 |
| 003 - CONTROL NUMBER IDENTIFIER | |
| control field | OSt |
| 008 - FIXED-LENGTH DATA ELEMENTS--GENERAL INFORMATION | |
| fixed length control field | 240320b |||||||| |||| 00| 0 eng d |
| 020 ## - INTERNATIONAL STANDARD BOOK NUMBER | |
| ISBN | 9788173871085 |
| 041 ## - LANGUAGE CODE | |
| Language code of text/sound track or separate title | eng |
| 082 ## - DEWEY DECIMAL CLASSIFICATION NUMBER | |
| Classification number | 631.56 |
| Item number | VER/PO |
| 100 ## - MAIN ENTRY--AUTHOR NAME | |
| Personal name | Verma, L. R . |
| 245 ## - TITLE STATEMENT | |
| Title | Post harvest technology of fruits and vegetables / |
| 250 ## - EDITION STATEMENT | |
| Edition statement | 1 / |
| 260 ## - PUBLICATION, DISTRIBUTION, ETC. (IMPRINT) | |
| Place of publication | Newdelhi : |
| Name of publisher | Indus publishing co. , |
| Year of publication | 2000. |
| 300 ## - PHYSICAL DESCRIPTION | |
| Number of Pages | 528 p. |
| 700 1# - ADDED ENTRY--PERSONAL NAME | |
| Personal name | Joshi, V K . |
| 942 ## - ADDED ENTRY ELEMENTS (KOHA) | |
| Koha item type | Books |
| Withdrawn status | Lost status | Damaged status | Home library | Current library | Date acquired | Full call number | Accession Number | Koha item type | Public note |
|---|---|---|---|---|---|---|---|---|---|
| KAUAET | 07/04/2012 | 631.56 | 20728 | Books | |||||
| KAUAET | KAUAET | 07/04/2012 | 631.56 | 20729 | Reference | ||||
| KAUAET | KAUAET | 07/04/2012 | 631.56 VER/PO | 21513 | Books | Vol. 1 | |||
| KAUAET | KAUAET | 07/04/2012 | 631.56 VER/PO | 21514 | Books | Vol. 2 |
